000 00629cam a22002171 4500
001 sa 62001088
003 DLC
005 20260227111917.0
008 801121s1962 ii 000 0 eng
010 _asa 62001088
035 _a(OCoLC)6964711
040 _aDLC
_cLU
_dDNLM
_dDLC
042 _apremarc
050 0 0 _aZ695
_b.S2
060 0 _aZ 695
_bS132s 1962
100 1 _aSaifuddin, Muhammad Abdul Haseeb,
_d1923-
245 1 0 _aSubject headings;
_ba list with colon and Dewey decimal classification numbers.
260 _aHyderabad,
_bApex Books Concern,
_c1962.
300 _a128 p.
_c25 cm.
650 0 _aSubject headings.
999 _c53148
_d53148